Expressing Willie : Nice people, 39 East; three plays /

Bibliographic Details
Main Author: Crothers, Rachel, 1878-1958
Format: Book
Language:English
Published: New York : Brentano's, [1924]

MARC

Tag First Indicator Second Indicator Subfields
LEADER 00000cam a2200000 4500
001 in00000022190
005 20151007063910.0
008 750729s1924 nyu 00010 eng u
010 |a  24022691  
035 |a (OCoLC)01487333 
035 |9 AAD8538AM 
040 |c JPL  |d TXA  |d UtOrBLW 
049 |a TXAM  |c [21430] 
050 0 |a PS3505.R895  |b E8 1924 
092 |a 812  |b C95e 
100 1 |a Crothers, Rachel,  |d 1878-1958. 
245 1 0 |a Expressing Willie :  |b Nice people, 39 East; three plays /  |c by Rachel Crothers. 
264 1 |a New York :  |b Brentano's,  |c [1924] 
264 4 |c [©1924] 
300 |a 4 pages ., 3-278 pages ;  |c 20 cm. 
336 |a text  |b txt  |2 rdacontent 
337 |a unmediated  |b n  |2 rdamedia 
338 |a volume  |b nc  |2 rdacarrier 
740 0 |a Nice people. 
740 0 |a 39 East. 
999 |a MARS 
999 f f |s 0f030e06-1cbb-33e9-b48d-e8c124e5e439  |i 9782cc36-4296-3dd4-8ef2-61c7d70c9bc8  |t 0 
952 f f |p ric  |a Texas A&M University  |b Rellis Campus  |c Joint Library Facility  |d Remote Storage  |t 0  |e PS3505.R895 E8 1924  |h Library of Congress classification  |i unmediated -- volume  |m A14801223802 
998 f f |a PS3505.R895 E8 1924  |t 0  |l Remote Storage